01397cam a22002775a 4500001001000000003000400010005001700014008004100031020001800072040004000090082002000130100002400150245008100174246007000255260004300325300003500368505020300403650003200606650004500638653003700683942002400720999001700744952012600761952011600887952011601003014679821OSt20201128021005.0080812t2008 enka fr 000 0 eng d a9780273717348 aStDuBDSbengcStDuBDSdUkdEG-ScBUE04a153.69222bBOR1 aBorg, James.93457810aBody language :b7 easy lessons to master the silent language /cJames Borg.33aBody language :bseven easy lessons to master the silent language aHarlow :bPrentice Hall Life,cc.2008. axiii, 237 p. :bill. ;c22 cm.0 aIntroduction : If you could read my mind-Lesson 1 : Language of the mind and body-Lesson 2 : Looking-Lesson 3 : Listening-Lesson 4 : Limbs- Lesson 5 : Lying-Lesson 6: Likeability-Lesson 7 : Leakage. 7aBody language.947222BUEsh 7aInterpersonal communication.98212BUEsh bGGENcDecember2013cFebruary2018 2ddccBBk153.69 BOR c17802d17774 00102ddc4070aMAINbMAINcLOWd2018-02-05ePurchasel5m15o153.69 BORp000047230r2025-07-15 00:00:00s2024-09-11yBB 00102ddc4070aMAINbMAINcLOWd2018-02-05l5m39o153.69 BORp000047231r2025-07-15 00:00:00s2025-03-16yBB 00102ddc4070aMAINbMAINcLOWd2018-03-27l4m51o153.69 BORp000047522r2025-07-15 00:00:00s2020-01-18yBB